| 000 | 00821nam a2200253 a 4500 | ||
|---|---|---|---|
| 008 | |||
| 020 | _a0316745197 (pbk.) | ||
| 049 | _aMAIN | ||
| 090 | _aRA776 | ||
| 245 | 0 | 0 |
_aPutting prevention into practice : _bproblem solving in clinical prevention / _cedited by Richard K. Riegelman and Gail J. Povar. |
| 260 |
_aBoston : _bLittle, Brown, _cc1988. |
||
| 300 |
_ax, 407 p. : _bill. ; _c24 cm. |
||
| 504 | _aIncludes bibliographical references. | ||
| 500 | _aIncludes index. | ||
| 650 | 2 | _aPreventive Medicine. | |
| 700 | 1 | _aRiegelman, Richard K. | |
| 700 | 1 | _aPovar, Gail J. | |
| 740 | 0 | _aProblem solving in clinical prevention. | |
| 907 |
_a.b10153743 _b13-02-07 _c23-02-05 |
||
| 003 | |||
| 005 | 20230120203909.0 | ||
| 040 | _cNUST | ||
| 942 |
_cBOOKS _kRA776 |
||
| 999 |
_c113454 _d113454 |
||